<?xml version="1.0" encoding="UTF-8"?>
<record
    xmlns:xsi="http://www.w3.org/2001/XMLSchema-instance"
    xsi:schemaLocation="http://www.loc.gov/MARC21/slim http://www.loc.gov/standards/marcxml/schema/MARC21slim.xsd"
    xmlns="http://www.loc.gov/MARC21/slim">

  <leader>00650nam a22001577a 4500</leader>
  <controlfield tag="003">OSt</controlfield>
  <controlfield tag="005">20170810153620.0</controlfield>
  <controlfield tag="008">170810b        xxu||||| |||| 00| 0 eng d</controlfield>
  <datafield tag="040" ind1=" " ind2=" ">
    <subfield code="c">RUA</subfield>
  </datafield>
  <datafield tag="082" ind1=" " ind2=" ">
    <subfield code="a">AGR DAM 2014 B547 Or.1</subfield>
  </datafield>
  <datafield tag="100" ind1=" " ind2=" ">
    <subfield code="9">11945</subfield>
    <subfield code="a">DAM DANIN,&#x178A;&#x17B6;&#x17C6; &#x178A;&#x17B6;&#x1793;&#x17B8;&#x1793;</subfield>
  </datafield>
  <datafield tag="245" ind1=" " ind2=" ">
    <subfield code="a">biochar application affecting on growth and yield of tomato, &#x17A5;&#x1791;&#x17B7;&#x17D2;&#x1792;&#x1796;&#x179B;&#x1793;&#x17C3;&#x1780;&#x17B6;&#x179A;&#x1794;&#x17D2;&#x179A;&#x17BE;&#x1794;&#x17D2;&#x179A;&#x17B6;&#x179F;&#x17CB;&#x1787;&#x17B8;&#x179C;&#x17C8;&#x1792;&#x17D2;&#x1799;&#x17BC;&#x1784;&#x179B;&#x17BE;&#x1780;&#x17B6;&#x179A;&#x179B;&#x17BC;&#x178F;&#x17B6;&#x179B;&#x17B6;&#x179F;&#x17CB;&#x1793;&#x17B7;&#x1784;&#x1791;&#x17B7;&#x1793;&#x17D2;&#x1793;&#x1795;&#x179B;&#x178A;&#x17C6;&#x178E;&#x17B6;&#x17C6;&#x1794;&#x17C9;&#x17C1;&#x1784;&#x1794;&#x17C9;&#x17C4;&#x17C7;</subfield>
  </datafield>
  <datafield tag="260" ind1=" " ind2=" ">
    <subfield code="a">phnom penh</subfield>
    <subfield code="b">RUA</subfield>
    <subfield code="c">2014</subfield>
  </datafield>
  <datafield tag="300" ind1=" " ind2=" ">
    <subfield code="a">ix;40p;</subfield>
    <subfield code="b">ill;</subfield>
    <subfield code="c">29cm;</subfield>
  </datafield>
  <datafield tag="942" ind1=" " ind2=" ">
    <subfield code="2">ddc</subfield>
    <subfield code="c">AGR</subfield>
  </datafield>
  <datafield tag="999" ind1=" " ind2=" ">
    <subfield code="c">12188</subfield>
    <subfield code="d">12188</subfield>
  </datafield>
  <datafield tag="952" ind1=" " ind2=" ">
    <subfield code="0">0</subfield>
    <subfield code="1">0</subfield>
    <subfield code="2">ddc</subfield>
    <subfield code="4">0</subfield>
    <subfield code="6">AGR_DAM_2014_000000000000000_B547_OR_1</subfield>
    <subfield code="7">0</subfield>
    <subfield code="9">61524</subfield>
    <subfield code="a">LBB</subfield>
    <subfield code="b">LBB</subfield>
    <subfield code="c">B547</subfield>
    <subfield code="d">2017-08-10</subfield>
    <subfield code="o">AGR DAM 2014 B547 Or.1</subfield>
    <subfield code="p">A07836</subfield>
    <subfield code="r">2017-08-10</subfield>
    <subfield code="w">2017-08-10</subfield>
    <subfield code="y">AGR</subfield>
  </datafield>
  <datafield tag="952" ind1=" " ind2=" ">
    <subfield code="0">0</subfield>
    <subfield code="1">0</subfield>
    <subfield code="2">ddc</subfield>
    <subfield code="4">0</subfield>
    <subfield code="6">AGR_DAM_2014_000000000000000_B547_OR_2</subfield>
    <subfield code="7">0</subfield>
    <subfield code="9">61525</subfield>
    <subfield code="a">LBB</subfield>
    <subfield code="b">LBB</subfield>
    <subfield code="c">B547</subfield>
    <subfield code="d">2017-08-10</subfield>
    <subfield code="o">AGR DAM 2014 B547 Or.2</subfield>
    <subfield code="p">A08431</subfield>
    <subfield code="r">2017-08-10</subfield>
    <subfield code="w">2017-08-10</subfield>
    <subfield code="y">AGR</subfield>
  </datafield>
  <datafield tag="952" ind1=" " ind2=" ">
    <subfield code="0">0</subfield>
    <subfield code="1">0</subfield>
    <subfield code="2">ddc</subfield>
    <subfield code="4">0</subfield>
    <subfield code="6">AGR_DAM_2014_000000000000000_B547_OR_3</subfield>
    <subfield code="7">0</subfield>
    <subfield code="9">61526</subfield>
    <subfield code="a">LBB</subfield>
    <subfield code="b">LBB</subfield>
    <subfield code="c">B547</subfield>
    <subfield code="d">2017-08-10</subfield>
    <subfield code="l">6</subfield>
    <subfield code="o">AGR DAM 2014 B547 Or.3</subfield>
    <subfield code="p">A08662</subfield>
    <subfield code="r">2019-11-16</subfield>
    <subfield code="s">2019-11-16</subfield>
    <subfield code="w">2017-08-10</subfield>
    <subfield code="y">AGR</subfield>
  </datafield>
  <datafield tag="952" ind1=" " ind2=" ">
    <subfield code="0">0</subfield>
    <subfield code="1">0</subfield>
    <subfield code="2">ddc</subfield>
    <subfield code="4">0</subfield>
    <subfield code="6">AGR_DAM_2014_000000000000000_B547_OR_4</subfield>
    <subfield code="7">0</subfield>
    <subfield code="9">61527</subfield>
    <subfield code="a">LBB</subfield>
    <subfield code="b">LBB</subfield>
    <subfield code="c">B547</subfield>
    <subfield code="d">2017-08-10</subfield>
    <subfield code="o">AGR DAM 2014 B547 Or.4</subfield>
    <subfield code="p">A08578</subfield>
    <subfield code="r">2017-08-10</subfield>
    <subfield code="w">2017-08-10</subfield>
    <subfield code="y">AGR</subfield>
  </datafield>
  <datafield tag="952" ind1=" " ind2=" ">
    <subfield code="0">0</subfield>
    <subfield code="1">0</subfield>
    <subfield code="2">ddc</subfield>
    <subfield code="4">0</subfield>
    <subfield code="6">AGR_DAM_2014_000000000000000_B547_OR_5</subfield>
    <subfield code="7">0</subfield>
    <subfield code="9">61528</subfield>
    <subfield code="a">LBB</subfield>
    <subfield code="b">LBB</subfield>
    <subfield code="c">B547</subfield>
    <subfield code="d">2017-08-10</subfield>
    <subfield code="o">AGR DAM 2014 B547 Or.5</subfield>
    <subfield code="p">A08908</subfield>
    <subfield code="r">2017-08-10</subfield>
    <subfield code="w">2017-08-10</subfield>
    <subfield code="y">AGR</subfield>
  </datafield>
  <datafield tag="952" ind1=" " ind2=" ">
    <subfield code="0">0</subfield>
    <subfield code="1">0</subfield>
    <subfield code="2">ddc</subfield>
    <subfield code="4">0</subfield>
    <subfield code="6">AGR_DAM_2014_000000000000000_B547_OR_6</subfield>
    <subfield code="7">0</subfield>
    <subfield code="9">61529</subfield>
    <subfield code="a">LBB</subfield>
    <subfield code="b">LBB</subfield>
    <subfield code="c">B547</subfield>
    <subfield code="d">2017-08-10</subfield>
    <subfield code="o">AGR DAM 2014 B547 Or.6</subfield>
    <subfield code="p">A08503</subfield>
    <subfield code="r">2017-08-10</subfield>
    <subfield code="w">2017-08-10</subfield>
    <subfield code="y">AGR</subfield>
  </datafield>
  <datafield tag="952" ind1=" " ind2=" ">
    <subfield code="0">0</subfield>
    <subfield code="1">0</subfield>
    <subfield code="2">ddc</subfield>
    <subfield code="4">0</subfield>
    <subfield code="6">AGR_DAM_2014_000000000000000_B547_OR_7</subfield>
    <subfield code="7">0</subfield>
    <subfield code="9">61530</subfield>
    <subfield code="a">LBB</subfield>
    <subfield code="b">LBB</subfield>
    <subfield code="c">B547</subfield>
    <subfield code="d">2017-08-10</subfield>
    <subfield code="o">AGR DAM 2014 B547 Or.7</subfield>
    <subfield code="p">A08817</subfield>
    <subfield code="r">2017-08-10</subfield>
    <subfield code="w">2017-08-10</subfield>
    <subfield code="y">AGR</subfield>
  </datafield>
  <datafield tag="952" ind1=" " ind2=" ">
    <subfield code="0">0</subfield>
    <subfield code="1">0</subfield>
    <subfield code="2">ddc</subfield>
    <subfield code="4">0</subfield>
    <subfield code="6">AGR_DAM_2014_000000000000000_B547_OR_1</subfield>
    <subfield code="7">0</subfield>
    <subfield code="9">61531</subfield>
    <subfield code="a">LBB</subfield>
    <subfield code="b">LBB</subfield>
    <subfield code="c">B547</subfield>
    <subfield code="d">2017-08-10</subfield>
    <subfield code="o">AGR DAM 2014 B547 Or.1</subfield>
    <subfield code="r">2017-08-10</subfield>
    <subfield code="w">2017-08-10</subfield>
    <subfield code="y">AGR</subfield>
  </datafield>
</record>
